[Event "DEM U12 2016"]
[Site "Willingen GER"]
[Date "2016.05.20"]
[Round "9"]
[White "Jakob, Georg"]
[Black "Schille, Hannes"]
[Result "1-0"]
[Termination "normal"]
[Board "24"]
[WhiteElo "1533"]
[BlackElo "1629"]
[PlyCount "79"]
[WhiteFideId "16224221"]
[BlackFideId "16206053"]
[EventCountry "GER"]
[EventRounds "11"]
[EventType "swiss"]
[EventDate "2016.05.14"]

1. e4 c5 2. d4 cxd4 3. c3 dxc3 4. Nxc3 Nc6 5. Nf3 d6 6. Bc4 a6 7. O-O Nf6 8.
Qe2 Bg4 9. Rd1 e6 10. Bf4 Qb8 11. Rac1 Be7 12. h3 Bxf3 13. Qxf3 O-O 14. g4 Nd7
15. Qg3 Nde5 16. Bb3 Na5 17. Bc2 Rd8 18. b3 Rc8 19. Bd2 Nec6 20. Kh1 Nd4 21.
Bd3 b5 22. Be3 Nac6 23. f4 e5 24. f5 h6 25. Nd5 Bd8 26. f6 Bxf6 27. Nxf6+ gxf6
28. Bxh6 Qb7 29. Qh4 Qe7 30. g5 Nf3 31. Qg4 Nxg5 32. h4 Qe6 33. Rg1 Qxg4 34.
Rxg4 Kh7 35. hxg5 fxg5 36. Bxg5 Nd4 37. Rf1 Rc7 38. Kg2 Ne6 39. Rh1+ Kg7 40.
Be7+ 1-0

[Event "DEM U12 2016"]
[Site "Willingen GER"]
[Date "2016.05.20"]
[Round "9"]
[White "Simukov, Erik"]
[Black "Parshykov, Edgar"]
[Result "1/2-1/2"]
[Termination "normal"]
[Board "25"]
[WhiteElo "1518"]
[BlackElo "1599"]
[PlyCount "86"]
[WhiteFideId "12995380"]
[BlackFideId "16222458"]
[EventCountry "GER"]
[EventRounds "11"]
[EventType "swiss"]
[EventDate "2016.05.14"]

1. e4 c5 2. Nc3 Nc6 3. Bb5 g6 4. Bxc6 bxc6 5. d3 Bg7 6. Nge2 d6 7. O-O e6 8. f4
Ne7 9. Be3 O-O 10. Qe1 f5 11. Qg3 Qa5 12. Qf2 Rb8 13. Rab1 Qc7 14. Rfe1 Ba6 15.
e5 dxe5 16. Bxc5 Ra8 17. Qe3 Rfe8 18. g3 Nd5 19. Qf2 Bc8 20. Nxd5 exd5 21. fxe5
Bxe5 22. d4 Bg7 23. Nf4 Re4 24. Rxe4 fxe4 25. Ng2 Bg4 26. Ne3 Be6 27. b3 Rb8
28. Rc1 Qf7 29. Qxf7+ Kxf7 30. Kf2 Bh6 31. a4 a6 32. Ke2 Bg4+ 33. Kd2 Ke6 34.
Re1 Rb7 35. Rf1 Rf7 36. Rxf7 Kxf7 37. Bd6 Ke6 38. Bf4 Bxf4 39. gxf4 Bh3 40. c4
a5 41. Kc3 Kd6 42. cxd5 cxd5 43. b4 axb4+ 1/2-1/2

[Event "DEM U12 2016"]
[Site "Willingen GER"]
[Date "2016.05.20"]
[Round "9"]
[White "Krause, Marc"]
[Black "Maas, Kolja"]
[Result "1/2-1/2"]
[Termination "normal"]
[Board "26"]
[WhiteElo "1535"]
[BlackElo "1432"]
[PlyCount "49"]
[WhiteFideId "12985724"]
[BlackFideId "16220420"]
[EventCountry "GER"]
[EventRounds "11"]
[EventType "swiss"]
[EventDate "2016.05.14"]

1. d4 Nf6 2. c4 g6 3. Nc3 Bg7 4. e4 d6 5. Be2 O-O 6. Bg5 Nfd7 7. Qd2 f6 8. Be3
e5 9. d5 a5 10. f3 Nc5 11. Bd3 Nxd3+ 12. Qxd3 Na6 13. Nge2 Nc5 14. Qd2 f5 15.
O-O f4 16. Bf2 b6 17. b3 h5 18. Nc1 h4 19. Nd3 h3 20. g3 Bh6 21. g4 Qg5 22.
Bxc5 bxc5 23. Qf2 Qf6 24. Nb5 Rf7 25. Kh1 1/2-1/2

[Event "DEM U12 2016"]
[Site "Willingen GER"]
[Date "2016.05.20"]
[Round "9"]
[White "Riemann, Jonas"]
[Black "Marzisch, Darius"]
[Result "1/2-1/2"]
[Termination "normal"]
[Board "27"]
[WhiteElo "1408"]
[BlackElo "1493"]
[PlyCount "58"]
[WhiteFideId "12977462"]
[BlackFideId "12997480"]
[EventCountry "GER"]
[EventRounds "11"]
[EventType "swiss"]
[EventDate "2016.05.14"]

1. e4 e5 2. Nf3 Nc6 3. Bc4 Bc5 4. c3 Nf6 5. d4 exd4 6. cxd4 Bb4+ 7. Bd2 Bxd2+
8. Nbxd2 d5 9. exd5 Nxd5 10. O-O O-O 11. Ne5 Nxe5 12. dxe5 Be6 13. Re1 c6 14.
Rc1 Re8 15. Nb3 Qc7 16. Qf3 Nb6 17. Bxe6 Rxe6 18. Qf5 Rae8 19. f4 f6 20. Nc5
R6e7 21. e6 Nd5 22. g3 b6 23. Ne4 Kh8 24. Nc3 Nxc3 25. Rxc3 Qc8 26. Rce3 Rf8
27. Qc2 f5 28. Qc3 Rf6 29. Qc4 h6 1/2-1/2

[Event "DEM U12 2016"]
[Site "Willingen GER"]
[Date "2016.05.20"]
[Round "9"]
[White "Kanzow, Alexander"]
[Black "Stahnecker, Hagen"]
[Result "1-0"]
[Termination "normal"]
[Board "28"]
[WhiteElo "1421"]
[BlackElo "1316"]
[PlyCount "37"]
[WhiteFideId "16225414"]
[BlackFideId "16225422"]
[EventCountry "GER"]
[EventRounds "11"]
[EventType "swiss"]
[EventDate "2016.05.14"]

1. e4 e5 2. Nf3 Nc6 3. Bb5 a6 4. Ba4 Nf6 5. d4 b5 6. Bb3 d6 7. dxe5 dxe5 8.
Qxd8+ Nxd8 9. Nxe5 Bd6 10. Nf3 Bb7 11. e5 Bxf3 12. exf6 Bxg2 13. Rg1 Bb7 14.
fxg7 Rg8 15. f4 Be4 16. Nc3 Bg6 17. Nd5 Rxg7 18. f5 Kf8 19. Bh6 1-0

[Event "DEM U12 2016"]
[Site "Willingen GER"]
[Date "2016.05.20"]
[Round "9"]
[White "Zwecker, Hagen"]
[Black "Ewerhardy, Moritz"]
[Result "0-1"]
[Termination "normal"]
[Board "29"]
[WhiteElo "1325"]
[BlackElo "1382"]
[PlyCount "170"]
[WhiteFideId "12991007"]
[BlackFideId "36052086"]
[EventCountry "GER"]
[EventRounds "11"]
[EventType "swiss"]
[EventDate "2016.05.14"]

1. e4 c5 2. Nf3 d6 3. Bb5+ Bd7 4. Bxd7+ Qxd7 5. c4 Nc6 6. Nc3 Nf6 7. d4 cxd4 8.
Nxd4 g6 9. Be3 Bg7 10. O-O O-O 11. f3 Rfd8 12. Qd2 e6 13. Bg5 Ne7 14. Rad1 a6
15. Nde2 Rac8 16. b3 Ne8 17. Qe1 h6 18. Bf4 Qc6 19. Rd3 d5 20. Qd2 Nf6 21. Rd1
d4 22. Nxd4 Qc5 23. Be3 Qh5 24. Nde2 Rxd3 25. Qxd3 Nc6 26. Nf4 Qe5 27. Qe2 Qxc3
28. Qf2 Qe5 29. Nd3 Qc7 30. Bb6 Qe7 31. Bc5 Qc7 32. Bb6 Qb8 33. Nc5 Re8 34. a3
Kh7 35. b4 Ne5 36. Rc1 Re7 37. Qd4 Nc6 38. Qd2 Ne5 39. Qd4 Nfd7 40. Nxd7 Rxd7
41. Qe3 Rd3 42. Qe2 Rxa3 43. Bd4 Nxf3+ 44. gxf3 Bxd4+ 45. Kh1 Qf4 46. Rd1 Qe3
47. Qxe3 Bxe3 48. Rd7 Kg7 49. Rxb7 g5 50. c5 h5 51. h3 Ra1+ 52. Kg2 Rc1 53. Ra7
Rb1 54. Rxa6 Rxb4 55. Kg3 Bxc5 56. Ra5 Bd6+ 57. Kg2 Rb2+ 58. Kf1 Rh2 59. Rxg5+
Kh6 60. Ra5 Rxh3 61. Ra7 Rxf3+ 62. Ke2 Rf2+ 63. Kxf2 Bc5+ 64. Kf3 Bxa7 65. Kf4
Bb8+ 66. Kf3 Kg5 67. Ke3 Kg4 68. Kf2 h4 69. Kg2 Kf4 70. Kh3 Kxe4 71. Kxh4 Kf3
72. Kg5 e5 73. Kf6 e4 74. Kxf7 e3 75. Kg6 e2 76. Kh5 e1=Q 77. Kg5 Qb4 78. Kf5
Qb5+ 79. Ke6 Kf4 80. Kf6 Qb6+ 81. Ke7 Kf5 82. Kd7 Ke5 83. Ke7 Qc7+ 84. Ke8 Ke6
85. Kf8 Qf7# 0-1

[Event "DEM U12 2016"]
[Site "Willingen GER"]
[Date "2016.05.20"]
[Round "9"]
[White "Yüksel, Baran"]
[Black "Jeschke, Jan"]
[Result "1-0"]
[Termination "normal"]
[Board "30"]
[WhiteElo "1351"]
[BlackElo "1167"]
[PlyCount "85"]
[WhiteFideId "12998710"]
[BlackFideId "16225430"]
[EventCountry "GER"]
[EventRounds "11"]
[EventType "swiss"]
[EventDate "2016.05.14"]

1. e4 e5 2. Nf3 Nc6 3. d4 exd4 4. Nxd4 Bc5 5. Nb3 Bb6 6. a4 Qh4 7. Qf3 a6 8.
Be3 Ne5 9. Qe2 Bxe3 10. Qxe3 Nf6 11. Nc3 d6 12. Be2 Bg4 13. Bxg4 Qxg4 14. O-O
Qh5 15. h3 g5 16. Nd5 Nxd5 17. exd5 b6 18. Nd4 O-O-O 19. Nc6 Rde8 20. Nxe5 Rxe5
21. Qd4 g4 22. Qxg4+ Qxg4 23. hxg4 Rxd5 24. Rfe1 Kd7 25. f3 h5 26. gxh5 Rhxh5
27. Re2 Rhe5 28. Rae1 Rd2 29. Rxd2 Rxe1+ 30. Kf2 Ra1 31. b3 Rh1 32. Re2 Rh5 33.
g4 Rh2+ 34. Ke3 Rxe2+ 35. Kxe2 Ke6 36. Ke3 Ke5 37. f4+ Ke6 38. Ke4 d5+ 39. Kd4
c5+ 40. Kd3 b5 41. axb5 axb5 42. c3 f6 43. b4 1-0